Monitorovanie a hodnotenie rízik používania nového zariadenia v sieti LAN
Saved in:
| Main Author: | |
|---|---|
| Other Authors: | |
| Format: | Manuscript Book |
| Language: | Slovak |
| Published: |
2022
|
| Subjects: | |
| Online Access: | http://is.stuba.sk/zp/portal_zp.pl?podrobnosti=164330 |
| Tags: |
No Tags, Be the first to tag this record!
|
MARC
| LEADER | 00000ntm a22000003a 4500 | ||
|---|---|---|---|
| 001 | stuzp90783 | ||
| 003 | SK-STU | ||
| 005 | 20220618212412.1 | ||
| 007 | ta | ||
| 008 | 150427s2015----xo-----f-mn---000-0-slo-d | ||
| 040 | |a STU |b slo | ||
| 041 | 0 | |a slo | |
| 100 | 1 | |a Sagan, Samuel |u 070400 |4 aut |U FIIT Fakulta informatiky a informačných technológií |T FIIT Ústav počítačového inžinierstva a aplikovanej informatiky |X 86006 |U I400 |Y 672 |7 86006 | |
| 242 | 0 | 1 | |a Risk assessments and monitoring of new device in local area network |y eng |
| 245 | 1 | 0 | |a Monitorovanie a hodnotenie rízik používania nového zariadenia v sieti LAN |
| 260 | |c 2022 | ||
| 650 | 4 | |a RAP |2 slo | |
| 650 | 4 | |a Raspberry Pi |2 slo | |
| 650 | 4 | |a Podvodný prístupový bod |2 slo | |
| 650 | 4 | |a Bezpečnosť domácej siete |2 slo | |
| 650 | 4 | |a Raspberry Pi |2 eng | |
| 650 | 4 | |a Rogue access point |2 eng | |
| 650 | 4 | |a RAP |2 eng | |
| 650 | 4 | |a Home network security |2 eng | |
| 700 | 1 | |a Galinski, Marek |u 070400 |k Z1 |4 ths |U FIIT Fakulta informatiky a informačných technológií |T FIIT Ústav počítačového inžinierstva a aplikovanej informatiky |X 8412 |U I400 |Y 672 |7 8412 | |
| 856 | 4 | |u http://is.stuba.sk/zp/portal_zp.pl?podrobnosti=164330 | |